00326nam a22001217a 450000500170000000800410001704100120005808200130007010000120008324500610009530000230015665000250017920240827140706.0240827b |||||||| |||| 00| 0 eng d aEnglish a349 LAW  lEnglish aThe Laws of the Republic of Namibia: Acts of Parliament  b77 pages; c30 cm. aLegal practice bLaw